| 000 | 00923nas a2200289 4500 | ||
|---|---|---|---|
| 001 | BR0806374 | ||
| 003 | BR-BrBNA | ||
| 005 | 20231205112454.0 | ||
| 007 | ta | ||
| 008 | 230509b bl.|||p| |||| 00| 00por d | ||
| 040 |
_aBR-BrBNA _bpor _cBiblioteca Nacional de Agricultura |
||
| 041 | _a(Pt) | ||
| 072 | _aE10 | ||
| 100 | 1 | _aRapassi, R.M.A. | |
| 100 | 1 | _aTarsitano, M.A.A. | |
| 100 | 1 | _aPereira, J.C. dos R. | |
| 100 | 1 | _aAraujo, C.A.M. e | |
| 245 | 1 | _aCultura do eucalipto na região de Suzanápolis, Estado de São Paulo: análise econômica | |
| 650 | _aEUCALYPTO | ||
| 650 | _aANÁLISE ECONÔMICA | ||
| 650 | _aCUSTO DE PRODUÇÃO | ||
| 650 | _aDADOS ESTATÍSTICOS | ||
| 650 | _aSÃO PAULO | ||
| 773 | 0 |
_tInformações Econômicas - Instituto de Economia Agrícola (Brazil) _xISSN 0100-4409 _g(Apr 2008), v. 38(4) p. 7-13 _wBR0806374 |
|
| 909 |
_a202311 _bLúcia _c55 _dLúcia Elande |
||
| 942 |
_2AGRIS _n0 _cANA |
||
| 999 |
_c198241 _d198241 |
||